Представление документа в формате MARC21

ПолеНазваниеЗначение
  Тип записи a
  Библиографический уровень m
001 Контрольный номер RU/URAIT/587045
005 Дата корректировки 20260429163654.1
008 Кодируемые данные 260429s2026 RU y f j 000 0 rus u
020 Индекс ISBN __
a ISBN 978-5-534-09999-7
c Цена, тираж 589.00
040 Источник каталогиз. __
a Служба первич. каталог. ИКО Юрайт
c Служба, преобразующая запись ИКО Юрайт
e Правила каталог. RCR
041 Код языка издания __
a Код языка текста rus
044 Код страны публикации __
a Код страны публикации RU
080 Индекс УДК __
a Индекс УДК 340.12
084 Индекс другой классификации/Индекс ББК __
2 Источник индекса rubbk
a Индекс другой классификации/Индекс ББК 67.0
100 Автор __
a Автор Алмазов Б. Н.
q Полное имя Алмазов Борис Николаевич
245 Заглавие __
a Заглавие Личность в правовом поле
b Продолж. заглавия - (отсутствует)
c Ответственность Б. Н. Алмазов, А. С. Васильева.
250 Сведения об издании __
a Основные сведения об издании 2-е изд.
256 Характеристики компьютерного файла __
a Характеристики компьютерного файла Электрон. дан.
260 Выходные данные __
a Место издания Москва
b Издательство Юрайт
c Дата издания 2026
300 Физическое описание __
a Объем 149 с
440 Серия __
a Серия Актуальные монографии
500 Примечания __
a Примечание URL: https://urait.ru/bcode/587045 (дата обращения: 29.04.2026).
520 Аннотация __
a Аннотация В современных условиях глобализации, где общие не только правила, но и нравы, необходим более глубокий анализ феномена личности, чем было принято в советской науке. В данной работе авторы попытались осветить реальные возможности психологии откликнуться на социальный заказ, идущий от юриспруденции, сосредоточив внимание только на правовой тематике и избегая иных аспектов юридической психологии для сохранения, образно говоря, вектора мысли. Представленные в монографии материалы будут, с одной стороны, достаточны для юристов, которые захотят составить мнение по актуальным вопросам личности в правовом поле, а с другой — привлекут внимание психологической профессиональной общественности и послужат аргументом в дискуссии о пределах возможного и допустимого в судебном исследовании личностного фактора.
538 Прим. о системных особенностях __
a Прим. о системных особенностях Режим доступа: Электронно-библиотечная система Юрайт, для авториз. пользователей
653 Ключевые слова __
a Ключевые слова Основы государства и права. Теория государства и права
653 Ключевые слова __
a Ключевые слова Юридические науки
653 Ключевые слова __
a Ключевые слова Юридическая антропология
653 Ключевые слова __
a Ключевые слова Актуальные проблемы философии, этики и религиоведения
653 Ключевые слова __
a Ключевые слова Актуальные проблемы юриспруденции
700 Другие авторы __
a Другие авторы Васильева А. С.
q Полное имя Васильева Анна Сергеевна
856 Электронный адрес документа 40
n Местонахождение сервера Юрайт
g Электронная книга
q Тип электронного формата html
h Имя пользователя ЮРАЙТ
v Часы доступа к ресурсу 20271231
2 Способ доступа Показать документ
x Служебное примечание https://urait.ru/book/cover/B61153B3-9211-4854-856F-F653218CF741
u URL https://urait.ru/bcode/587045
856 Электронный адрес документа 48
q Тип электронного формата cover
u URL https://urait.ru/book/cover/B61153B3-9211-4854-856F-F653218CF741
911 __
u 0030=https://urait.ru/bcode/587045
911 __
u 073a=9785534099997
u 073d=589.00
911 __
u 106a=s
911 __
u 900l=
952 Тип литературы __
i Дисциплина Юридическая антропология
952 Тип литературы __
i Дисциплина Актуальные проблемы философии, этики и религиоведения
952 Тип литературы __
i Дисциплина Актуальные проблемы юриспруденции